[Event "Sant Adria de Besos op-B 5th"]
[Site "Sant Adria de Besos"]
[Date "2023.08.16"]
[Round "7"]
[White "Febrero Perez, Lluis"]
[Black "Ortega Molina, Rafael"]
[Result "0-1"]
[WhiteElo "1326"]
[BlackElo "1683"]
[PlyCount "54"]
[EventDate "2023.08.11"]
[EventType "swiss"]
[EventRounds "9"]
[EventCountry "ESP"]
[SourceTitle "EXT 2024"]
[Source "ChessBase"]
[SourceDate "2023.10.10"]
[SourceVersion "1"]
[SourceVersionDate "2023.10.10"]
[SourceQuality "1"]

1. e4 e5 2. Nf3 Nc6 3. d4 exd4 4. Nxd4 Bc5 5. Be3 Qf6 6. c3 Nge7 7. Be2 d6 8. 0-0 Nxd4 9. Bxd4 Bxd4 10. Qxd4 Qg6 11. Qe3 0-0 12. Nd2 Bd7 13. f4 f5 14. Bc4+ Kh8 15. e5 dxe5 16. Qxe5 Qb6+ 17. Rf2 Ng6 18. Qe1 Nxf4 19. b3 Bc6 20. Bf1 Rfe8 21. Qc1 Ne2+ 22. Bxe2 Rxe2 23. Ne4 Bxe4 24. Qf4 Rd8 25. Raf1 Rdd2 26. g4 Rxf2 27. Rxf2 Rd1# 0-1

[Event "Sant Adria de Besos op-B 5th"]
[Site "Sant Adria de Besos"]
[Date "2023.08.15"]
[Round "6"]
[White "Ortega Molina, Rafael"]
[Black "Carricondo Fernandez, Vicente"]
[Result "1/2-1/2"]
[WhiteElo "1683"]
[BlackElo "1701"]
[PlyCount "60"]
[EventDate "2023.08.11"]
[EventType "swiss"]
[EventRounds "9"]
[EventCountry "ESP"]
[SourceTitle "EXT 2024"]
[Source "ChessBase"]
[SourceDate "2023.10.10"]
[SourceVersion "1"]
[SourceVersionDate "2023.10.10"]
[SourceQuality "1"]

1. c4 c5 2. g3 g6 3. Bg2 Bg7 4. Nc3 Nc6 5. Nf3 e6 6. d3 a6 7. Bg5 Nge7 8. Qd2 h6 9. Be3 d6 10. d4 cxd4 11. Nxd4 Ne5 12. b3 Ng4 13. Nc2 Nxe3 14. Nxe3 0-0 15. 0-0 Qa5 16. Rac1 Rd8 17. Ng4 h5 18. Ne3 Rb8 19. Qc2 Bd7 20. Ne4 Bc6 21. Rfd1 d5 22. cxd5 Nxd5 23. Nc4 Qc7 24. e3 Nb4 25. Qe2 Rxd1+ 26. Rxd1 Rd8 27. a3 Nd5 28. Qc2 Nb6 29. Nxb6 Qxb6 30. Rxd8+ Qxd8 1/2-1/2